01498cam a22003611 450000100060000000300080000600500170001400800390003103500190007003500180008904000410010704100080014808200130015610000500016924500580021925000120027726000650028930000500035450000500040450000660045450000290052050502880054965000260083770000410086374000190090474000120092374000410093574000540097674000180103074000490104874000180109774000210111521782BD-RjUL20211209000728.0140305r19641963enkab b 000 0 eng a(BD-RjUL)21847 a(OCoLC)493259 aDLCcODaWUdOCoLCdDLCdBD-RjULbeng aeng a914bUNE1 aUnstead, J. F.q(John Frederick),d1876-1965,12aEurope:bA systematic regional geography /nVolume II a5th ed. aLondon :bUniversity of London Press.c1963 [reprinted 1964] a404 p. :billus., maps (part fold.) ;c22 cm. aIncludes various editions of individual vols. aGeneral editor, v. 1-5: J. F. Unstead; v. 6- : E. W. Gilbert. aIncludes bibliographies.0 aV. 1. The British Isles, by J. F. Unstead.--v. 2. Europe, by J. F. Unstead.--v. 3. A world survey from the human aspect, by J. F. Unstead.--v. 4. Australia, New Zealand and the Southwest Pacific, by K. W. Robinson.--v. 6. Anglo-America: Canada and the United States, by W. H. Parker. 0aGeographyvTextbooks.1 aGilbert, Edmund William,d1900-eed.0 aBritish Isles.0 aEurope.0 aWorld survery from the human aspect.0 aAustralia, New Zealand and the Southwest Pacific.0 aMonsoon Asia.0 aAnglo-America: Canada and the United States.0 aSoviet Union.0 aSouth-west Asia.